Get the Picture: Missing Body Parts Quiz Stats

 Plays Quiz Updated Aug 2, 2019

Score 0/16 Timer 02:00
4 Plays Today
Question Answer Wrong Answers
M___ALADE ARM
91.4%
LEG
0.7%
EYE
1.2%
TOE
0.4%
BIRDS___ EYE
91.2%
ARM
0.7%
LEG
1%
TOE
0.6%
___NAILS TOE
90.6%
ARM
1%
LEG
1.2%
EYE
0.5%
POTA___S TOE
89.4%
ARM
1%
LEG
2%
EYE
0.8%
TE___RAPH LEG
89.2%
ARM
1.8%
EYE
1.3%
TOE
1%
DIS___ING ARM
89.2%
LEG
1.2%
EYE
1.7%
TOE
1%
E___ANT LEG
87.6%
ARM
2.6%
EYE
1.3%
TOE
1.2%
UNH___ED ARM
87.3%
LEG
2.2%
EYE
2.6%
TOE
0.9%
TIP___D TOE
86.9%
ARM
0.9%
LEG
2.6%
EYE
3%
PURV___D EYE
86.8%
ARM
2.8%
LEG
1.2%
TOE
1.3%
VOLL___D EYE
86.4%
ARM
2.9%
LEG
1.7%
TOE
1.7%
COL___IATE LEG
85.5%
ARM
2.4%
EYE
2.9%
TOE
1.8%
___ALIZE LEG
85.3%
ARM
3.1%
EYE
2.3%
TOE
1.4%
DISOB___R EYE
80.8%
ARM
5.5%
LEG
2.4%
TOE
2.9%
VE___D TOE
80.4%
ARM
2.3%
LEG
2.9%
EYE
7.2%
SPE___INT ARM
71.8%
LEG
11.1%
EYE
3.5%
TOE
3.9%

Today's Daily Dose

Missing Word
Sherlocks

Word Ladder
King of the Hill

Quick Pick
Songs in Pink

Get the Picture
NBA Teammates

You're not logged in!

Compare scores with friends on all Sporcle quizzes.
OR
Log In

Sporcle TV

Today on Sporcle TV


Watch our educational content, quiz creation guides, and fun videos on Sporcle TV.

Show Comments

Extras

Top Quizzes Today


Score Distribution

Your Account Isn't Verified!

In order to create a playlist on Sporcle, you need to verify the email address you used during registration. Go to your Sporcle Settings to finish the process.

Report this User

Report this user for behavior that violates our Community Guidelines.

Details: